| 000 | 00548nam a2200193Ia 4500 | ||
|---|---|---|---|
| 003 | OSt | ||
| 005 | 20250902123547.0 | ||
| 008 | 220917b |||||||| |||| 00| 0 eng d | ||
| 037 | _cTB | ||
| 040 |
_aARTS _cARTS _beng |
||
| 041 |
_2eng _aeng |
||
| 084 |
_aSigma:f P0.2 _qAL |
||
| 100 |
_aBickman Leonard Ed. _9142006 |
||
| 245 | 0 | _aResearch design | |
| 260 |
_aLondon _bSaga pub. inc. |
||
| 650 |
_aSOCIAL SCIENCES; RESEARCH METHODS _94097 |
||
| 942 |
_hSigma:f P0.2 _cTB _2CC _n0 |
||
| 999 |
_c274338 _d274338 |
||